How to become a millionaire / (Record no. 89797)

MARC details
000 -LEADER
fixed length control field 00541nam a22001817a 4500
005 - DATE AND TIME OF LATEST TRANSACTION
control field 20141107103543.0
010 ## - LCCN (DPL NO)
LC control number ENG-111124
020 ## - INTERNATIONAL STANDARD BOOK NUMBER
Terms of availability 100.00
International Standard Book Number 9789350836774
035 ## - SYSTEM CONTROL NUMBER
System control number EN-94656
037 ## - SOURCE OF ACQUISITION
Source of stock number/acquisition DBAD/PUB
082 ## - DEWEY DECIMAL CLASSIFICATION NUMBER
Classification number 332.63228
100 ## - MAIN ENTRY--PERSONAL NAME
Personal name Lakhotia, Subhash
245 ## - TITLE STATEMENT
Title How to become a millionaire /
Statement of responsibility, etc by Subhash Lakhotia
260 ## - PUBLICATION, DISTRIBUTION, ETC. (IMPRINT)
Place of publication, distribution, etc New Delhi
Name of publisher, distributor, etc Diamond Books
Date of publication, distribution, etc 2013
270 ## - ADDRESS
City New Delhi
Postal code 110020
Address X-30, Okhla Industrial Area, Phase-II
300 ## - PHYSICAL DESCRIPTION
Extent 119p.
Dimensions 22cm(pbk)
942 ## - ADDED ENTRY ELEMENTS (KOHA)
Source of classification or shelving scheme Dewey Decimal Classification
Item type English Books
Call number suffix LAK
Classification part 332.63228
Holdings
Withdrawn status Lost status Not for loan Collection code Home library Current library Date acquired Source of acquisition Cost, normal purchase price Full call number Barcode Copy number Cost, replacement price Koha item type
    Not For Loan Non-fiction D.B.Act.Division D.B.Act.Division 07/11/2014 DBAD/PUB 100.00 332.63228 LAK EN-94656 1 100.00 English Books

© Delhi Public Library
Hit Counter
free hit counter